Music Quiz

Random Music or Artist Quiz

Musician by Picture Quiz Stats

 Plays Quiz Updated Dec 15, 2011

     
Support Sporcle.
Go Orange.
Score 0/25 Timer 05:00
78 Plays Today
Number Artist % Correct
2Justin Timberlake
93.4%
25Snoop Dogg
89.6%
23Lady Gaga
83.2%
21Notorious B.I.G.
58.4%
24ABBA
57.5%
19James Brown
54.4%
13LL Cool J
51.9%
11Run DMC
50%
7Cyndi Lauper
43.2%
1The Temptations
40.5%
8Daft Punk
36.2%
6The Carpenters
35.4%
10Shaggy
30.2%
Number Artist % Correct
9Public Enemy
29%
4Bon Jovi
24.8%
20The Mamas and the Papas
24.5%
3The Killers
16.7%
18Sly and the Family Stone
16.5%
14Pet Shop Boys
15.7%
17Dusty Springfield
15.4%
16Kraftwerk
11.5%
15Depeche Mode
10.6%
12The Velvet Underground
10.1%
22Joy Division
7.4%
5Orbital
2.7%

From the Vault

Find the 'Right' Answer

by BeerHound

Two wrong answers will, in fact, not make a right one.
Remove Ads.
Support Sporcle.
Get the best of Sporcle when you Go Orange. This ad-free experience offers more features, more stats, and more fun while also helping to support Sporcle. Thank you for becoming a member.

Show Comments

Extras

Top Quizzes Today


Score Distribution

Your Account Isn't Verified!

In order to create a playlist on Sporcle, you need to verify the email address you used during registration. Go to your Sporcle Settings to finish the process.

Report this User

Report this user for behavior that violates our Community Guidelines.

Details: